| 000 | 00350nam a2200145Ia 4500 | ||
|---|---|---|---|
| 008 | 230312s9999||||xx |||||||||||||| ||und|| | ||
| 020 | _a3-86047-209-3 | ||
| 082 |
_a808.882 _bMOL-H |
||
| 100 | _aMola;francese,zamora | ||
| 245 | 0 | _aHome book | |
| 260 |
_bFrachman _aUSA _c2014 |
||
| 300 | _a472 | ||
| 650 |
_aArchitecture _vArchitecture |
||
| 942 | _cBK | ||
| 999 |
_c12691 _d12691 |
||